Implementation guidelines for effective management of hospital accreditation

Bibliographic Details
Main Author: Brucháčová, Zora (Author)
Format: Article
Language:Slovak
English
PhysicalDescription:Obr.
ISSN:0006-9248
Subjects:

MARC

LEADER 00000nab a2200000 a 4500
001 vtls000768605
003 SK-MaSNL
005 20260426081604.0
008 250429c2001 xo 0 slo
015 |a SNBRB2001/10-28047 
035 |a CLN000120392 
035 |a urn:nbn:sk:snk-abm9u 
035 |a (urnnbn)urn:nbn:sk:snk:ar-a03fm0 
035 |a (uuid)244a86ed-f689-4719-b102-475d6f9e2701 
040 |a SNKBUCL  |b slo  |c SNKBUCL  |e AACR2 
041 0 |a eng  |b eng  |b slo 
044 |a xo  |c SK 
080 |a 362.111/.113(437.6)  |2 1997 
080 |a 338.46(437.6):614.2  |2 1997 
080 |a 614.2(437.6)  |2 1997 
100 1 |a Brucháčová, Zora  |4 aut  |9 1400445 
245 1 0 |a Implementation guidelines for effective management of hospital accreditation  |c Z. Brucháčová 
300 |b Obr. 
504 |a Res. angl., slov. 
504 |a Bibliogr. odkazy 
650 0 7 |a nemocnice  |2 snkbucl  |9 3008 
650 0 7 |a akreditácia  |2 snkbucl  |9 4426 
651 7 |a Slovensko  |2 snkbucl  |9 14231 
655 7 |a články z novín a časopisov  |2 snkbucl  |9 267496 
773 0 |t Bratislavské lekárske listy  |g Roč. 102, č. 3 (2001), s. 153-158  |x 0006-9248 
850 |a Slovenská národná knižnica 
852 |a Slovenská národná knižnica 
954 |a odborná, vedecká literatúra pôvodná (slovenská)  |2 lita 
958 |a article27 
958 |a MI 
958 |a NB 
958 |a SK 
958 |a OND 
958 |a EUIPO 
992 |a RBX 
999 |c 2847227  |d 2849157